000 00557nam a2200181Ia 4500
003 GCL
008 140319s9999 xx 000 0 ara d
040 _aGCL /
_cGCL
082 0 4 _a785.092
_bد ش
100 1 _aدار الراتب الجامعية
245 1 0 _aشوبان: فريديرك شوبان /
_cدار الراتب الجامعية
300 _a80 ص
490 _aسلاسل سوفنير
_v0
650 0 4 _aالتراجم
650 0 4 _aالموسيقيون الفرنسيون
650 0 4 _aالموسيقيون - تراجم
942 _2ddc
_cBK
999 _c46437
_d46437